KOHA-Header-6

Psychophysiology of Stress (Record no. 14064)

000 -LEADER
fixed length control field 00233nam a22001097a 4500
082 ## - DEWEY DECIMAL CLASSIFICATION NUMBER
Classification number 150
100 ## - MAIN ENTRY--AUTHOR NAME
Personal name Sadaf & Shamoon
245 ## - TITLE STATEMENT
Title Psychophysiology of Stress
260 ## - PUBLICATION, DISTRIBUTION, ETC. (IMPRINT)
Place of publication Pakistan
Name of publisher AEIRC
Year of publication 2014
300 ## - PHYSICAL DESCRIPTION
Number of Pages 147 pages
942 ## - ADDED ENTRY ELEMENTS (KOHA)
Koha item type Books
Holdings
Withdrawn status Lost status Collection code Permanent Location Current Location Shelving location Date acquired Full call number Accession Number Koha item type
    Psychology MAJU MAJU Shelf No.A35 2025-09-05 150 11155 Books

Powered by Koha